Be useful (Record no. 369534)

MARC details
000 -LEADER
fixed length control field 00426nam a2200169Ia 4500
003 - CONTROL NUMBER IDENTIFIER
control field Ost
005 - DATE AND TIME OF LATEST TRANSACTION
control field 20260119050027.0
008 - FIXED-LENGTH DATA ELEMENTS--GENERAL INFORMATION
fixed length control field 251219s9999 xx 000 0 und d
041 ## - LANGUAGE CODE
Language code of text/sound track or separate title eng
082 ## - DEWEY DECIMAL CLASSIFICATION NUMBER
Classification number 158.1 SCH DB3280
Item number DB3280
100 ## - MAIN ENTRY--PERSONAL NAME
Personal name Schwarzenegger A
9 (RLIN) 215999
245 ## - TITLE STATEMENT
Title Be useful
260 ## - PUBLICATION, DISTRIBUTION, ETC. (IMPRINT)
Name of publisher, distributor, etc. Penguin Random House/ UK
Date of publication, distribution, etc. 2023
300 ## - PHYSICAL DESCRIPTION
Extent 263
Other physical details Paper Back
500 ## - GENERAL NOTE
Keywords Personality Development
942 ## - ADDED ENTRY ELEMENTS (KOHA)
Source of classification or shelving scheme Dewey Decimal Classification
Koha item type Donated Book
Holdings
Withdrawn status Lost status Source of classification or shelving scheme Damaged status Not for loan Home library Current library Date acquired Cost, normal purchase price Total Checkouts Full call number Barcode Date last seen Cost, replacement price Bill Date Koha item type Original Barcode
    Dewey Decimal Classification     Smt. Hiraben Nanavati Institute of Management & Research for Women Smt. Hiraben Nanavati Institute of Management & Research for Women 12/12/2025 799.00   158.1 SCH DB3280 HIMR-DB-3280 23/12/2025 799.00 23/12/2025 Donated Book DB3280